| 000 | 00423nam a22001697a 4500 | ||
|---|---|---|---|
| 003 | MACL | ||
| 005 | 20160721162257.0 | ||
| 008 | 160721b xxu||||| |||| 00| 0 eng d | ||
| 040 | _cMACL | ||
| 041 | _aEnglish | ||
| 082 | _a920 SAH | ||
| 100 |
_aSaha, Sanghamitra _964914 |
||
| 245 |
_aModi Wheels Of Change _cSaghamitra Saha |
||
| 260 |
_aKolkata _bBEE Essay _c2015 |
||
| 650 |
_aBiography _964915 |
||
| 942 |
_2ddc _cBK |
||
| 999 |
_c54622 _d54622 |
||